000 00356nam a22001457a 4500
008 210310b ||||| |||| 00| 0 eng d
020 _a9780470042618
041 _aeng
080 _24th
_a338
082 _a338
100 _a53
101 _aMEN
245 _aEffective Project Management Traditional, Adaptive, Extreme
_cWysocki,R.K
942 _2udc
_cBK
999 _c56209
_d56209